Time management for academic impact : (Record no. 29240)
[ view plain ]
| 000 -LEADER | |
|---|---|
| fixed length control field | 01597aam a22003491i 4500 |
| 001 - CONTROL NUMBER | |
| control field | 019582308 |
| 003 - CONTROL NUMBER IDENTIFIER | |
| control field | EG-ScBUE |
| 005 - DATE AND TIME OF LATEST TRANSACTION | |
| control field | 20210726092719.0 |
| 008 - FIXED-LENGTH DATA ELEMENTS--GENERAL INFORMATION | |
| fixed length control field | 191019s2020 enk f b 001 0 eng d |
| 020 ## - INTERNATIONAL STANDARD BOOK NUMBER | |
| Cancelled/invalid ISBN | 9780367403775 |
| 040 ## - CATALOGING SOURCE | |
| Original cataloging agency | EBLCP |
| Language of cataloging | eng |
| Description conventions | rda |
| Transcribing agency | EBLCP |
| Modifying agency | YDX |
| -- | TYFRS |
| -- | OCLCF |
| -- | YDXIT |
| -- | Uk |
| -- | EG-ScBUE |
| 082 04 - DEWEY DECIMAL CLASSIFICATION NUMBER | |
| Classification number | 371.102 |
| Item number | AME |
| Edition number | 22 |
| 100 1# - MAIN ENTRY--PERSONAL NAME | |
| Personal name | Ames, Kate, |
| Relator term | author. |
| 9 (RLIN) | 6802 |
| 245 10 - TITLE STATEMENT | |
| Title | Time management for academic impact : |
| Remainder of title | controlling teaching treadmills and tornadoes / |
| Statement of responsibility, etc | Kate Ames. |
| 264 #1 - PUBLICATION, DISTRIBUTION, ETC. (IMPRINT) | |
| Place of publication, distribution, etc | Abingdon, Oxon ; |
| -- | New York, NY : |
| Name of publisher, distributor, etc | Routledge, |
| Date of publication, distribution, etc | 2020. |
| 300 ## - PHYSICAL DESCRIPTION | |
| Extent | xi, 110 pages ; |
| Dimensions | 24 cm |
| 336 ## - CONTENT TYPE | |
| Content type term | text |
| Source | rdacontent |
| Content type code | txt |
| 337 ## - MEDIA TYPE | |
| Media type term | computer |
| Source | rdamedia |
| Media type code | n |
| 338 ## - CARRIER TYPE | |
| Carrier type term | online resource |
| Source | rdacarrier |
| Carrier type code | nc |
| 504 ## - BIBLIOGRAPHY, ETC. NOTE | |
| Bibliography, etc | Includes bibliographical references and index. |
| 505 0# - FORMATTED CONTENTS NOTE | |
| Formatted contents note | Cover; Half Title; Title; Copyright; Dedication; Contents; Preface; Acknowledgements; 1 Academic life: treadmills and tornadoes; 2 Academic worldviews and justifications; 3 Academic time; 4 What's your time thief?; 5 Controlling the time thief; 6 Inverting the tornado; 7 How do we know it works?; 8 Tornado-proofing for academics; Index |
| 588 ## - SOURCE OF DESCRIPTION NOTE | |
| Source of description note | Description based on online resource; title from digital title page (viewed on November 13, 2019). |
| 650 #7 - SUBJECT ADDED ENTRY--TOPICAL TERM | |
| Topical term or geographic name as entry element | College teachers |
| General subdivision | Time management. |
| Source of heading or term | BUEsh |
| 650 #7 - SUBJECT ADDED ENTRY--TOPICAL TERM | |
| Topical term or geographic name as entry element | Teachers |
| General subdivision | Time management. |
| Source of heading or term | BUEsh |
| 653 ## - INDEX TERM--UNCONTROLLED | |
| Resource For college | Generalities |
| Arrived date list | July2021 |
| 655 #4 - INDEX TERM--GENRE/FORM | |
| Genre/form data or focus term | Electronic books. |
| Form subdivision | Reading book |
| 903 ## - LOCAL DATA ELEMENT C, LDC (RLIN) | |
| a | ELD.DS.465813 |
| 942 ## - ADDED ENTRY ELEMENTS (KOHA) | |
| Source of classification or shelving scheme | Dewey Decimal Classification |
| Koha item type | Book - Borrowing |
| Withdrawn status | Lost status | Source of classification or shelving scheme | Damaged status | Not for loan | Collection code | Home library | Current library | Shelving location | Date acquired | Source of acquisition | Cost, normal purchase price | Total Checkouts | Full call number | Barcode | Date last seen | Cost, replacement price | Price effective from | Koha item type |
|---|---|---|---|---|---|---|---|---|---|---|---|---|---|---|---|---|---|---|
| Dewey Decimal Classification | Academic Bookshop | Central Library | Central Library | First floor | 26/07/2021 | Purchase | 360.00 | 371.102 AME | 000050408 | 24/08/2022 | 450.00 | 26/07/2021 | Book - Borrowing |